000 01030cam a22002651i 4500
003 SA-RiAUC
005 20250628033641.0
008 250627s2013____ts f 000 0 ara c
040 _aSA-RiKAPL
_bara
_cSA-RiAUC
_erda
082 0 4 _a253.36
_qSA-RiAUC
090 _a253.36
_bم ب ا
100 1 _aمبارك، قيس بن محمد آل الشيخ،
_d1379 هجري-
_eمؤلف.
245 1 0 _aخيار المجلس /
_cقيس بن محمد آل الشيخ مبارك.
250 _aالطبعة الأولى.
264 1 _a[أبو ظبي] ؛
_aدمشق :
_bدار الإيمان،
_c2013
300 _a119 صفحة ؛
_c24 سم.
336 _aنص
_btxt
_2rdacontent
_3كتاب
337 _aبدون وسيط
_bn
_2rdamedia
338 _aمجلد
_bnc
_2rdacarrier
490 0 _aسلسلة أبحاث ودراسات معاصرة ؛
_v6
504 _aببليوجرافية : صفحة 107-113.
650 7 _aالمعاملات (فقه إسلامي)
_2aucsh
942 _2ddc
_cBOOK
_n0
949 _aSA-JeALM
_d250627
_umohamedma123
_n1
999 _c9261
_d9261